000 00409nam a2200169Ia 4500
008 230524s9999 xx 000 0 und d
020 _a9789380027856
082 _bSIN
100 _aParbin Singh
_942090
245 0 _aPrinciples of Tunnelling Ports & Harbours
250 _a1
260 _aNew Delhi
_bKatson
_c2009
300 _a278p;
500 _aQuantity Number: 1
650 _aCivil
942 _cBK
999 _c56499
_d56499